| 000 | 00616nam a2200193 u 4500 | ||
|---|---|---|---|
| 001 | 000024097 | ||
| 005 | 20200930022721.0 | ||
| 008 | 110118s1957 ve r 000 m spa d | ||
| 040 |
_aDO-SdBNP _bspa _cBNPHU |
||
| 082 |
_axxx _bG643c |
||
| 100 | 1 |
_aGonzález Paredes, Ramón _949502 |
|
| 245 | 1 | 0 |
_aCelia o delirio de soledad / _cRamón González Paredes. |
| 260 |
_aCaracas : _bAsociación de Escritores Venezolanos, _c1957. |
||
| 300 |
_a48 p. ; _c16 cm. |
||
| 490 | 1 |
_aCuadernos Literarios _v97 |
|
| 500 | _aIncluye lista de obras de la colección | ||
| 830 | 0 |
_aCuadernos Literarios; _v97 _938032 |
|
| 049 | _aBNGR | ||
| 999 |
_c23592 _d23592 |
||